Global portfolio investments in emerging markets and India / (Record no. 66313)

MARC details
000 -LEADER
fixed length control field 00659nam a22001697a 4500
005 - DATE AND TIME OF LATEST TRANSACTION
control field 20120508113758.0
020 ## - INTERNATIONAL STANDARD BOOK NUMBER
Terms of availability 00.00
035 ## - SYSTEM CONTROL NUMBER
System control number A-904462
037 ## - SOURCE OF ACQUISITION
Stock number DPL
Source of stock number/acquisition ENG
100 ## - MAIN ENTRY--PERSONAL NAME
Personal name Shashikant, Uma
245 ## - TITLE STATEMENT
Title Global portfolio investments in emerging markets and India /
Statement of responsibility, etc by Uma Shashikant and Kamla Suri
260 ## - PUBLICATION, DISTRIBUTION, ETC. (IMPRINT)
Place of publication, distribution, etc Bombay
Name of publisher, distributor, etc UTI Institute of Capital Markets
Date of publication, distribution, etc 1996
300 ## - PHYSICAL DESCRIPTION
Extent vi, 180p.
Dimensions 20 cms.
700 ## - ADDED ENTRY--PERSONAL NAME
Personal name Suri, Kamla
9 (RLIN) 46628
942 ## - ADDED ENTRY ELEMENTS (KOHA)
Source of classification or shelving scheme Dewey Decimal Classification
Item type English Books
Classification part 332.63
Call number suffix SHA
Holdings
Withdrawn status Lost status Not for loan Collection code Home library Current library Date acquired Cost, normal purchase price Full call number Barcode Cost, replacement price Koha item type
      Non-fiction Sarojini Nagar Sarojini Nagar 08/05/2012 0.00 332.63 SHA A-904462 0.00 English Books

© Delhi Public Library
Hit Counter
free hit counter